| 000 | 00931cad a22002175a 4500 | ||
|---|---|---|---|
| 001 | L156681 | ||
| 008 | 120622s2012 xxk 000 0 eng d | ||
| 035 | _a(Sirsi) u156681 | ||
| 041 | 0 | _aeng | |
| 110 | 2 | _aCBRE | |
| 245 | 0 | 0 |
_aChain expansion quarterly marketview _bQ1 2012 |
| 260 |
_aLondon _bCBRE _c2012 |
||
| 490 | 0 |
_aCBRE Chain Expansion Quarterly _vQ1 2012 |
|
| 520 | _aChain branch growth continues despite administrations. Internet impact on retail remains modest. The rate of branch growth is slowing. | ||
| 520 | _aBranch numbers continue to grow -- heading -- branch losses -- key drivers -- space shortages -- internet growth: property impact -- branch change 1998-2011 (all categories) | ||
| 590 | _aKA NTK | ||
| 651 | 4 | _aUnited Kingdom | |
| 690 |
_aCommercial property _96227 |
||
| 856 | 4 | 0 |
_uhttps://www.cbre.eu/portal/pls/portal/res_rep.show_report?report_id=1863 _zView the report at www.cbre.eu |
| 942 | _n0 | ||
| 999 |
_c84116 _d84116 |
||